000 00624nam a2200157 4500
008 0 2000 0a 000 0MEX
020 _a970-15-0452-6
050 _aTS156 P7 2000
082 _a658.562 P911m
100 _aPrat Bartés, Albert
245 _aMétodos estadísticos : control y mejora de la calidad / Albert Prat Bartés, [et.al.]
260 _aMéxico : Alfaomega
300 _a300 p. / 26 cm.
650 _a1.CONTROL DE CALIDAD-MÉTODOS ESTADÍSTICOS \ 2.ESTADISTICA MATEMATICA
700 _aTort-Martorell Llabr‚s, Xavier. Coaut. \ Grima Cintas, Pere. Coaut. \ Pozueta Fern ndez, Lourdes. Coaut.
999 _c12958
_d12958